<?xml version="1.0" encoding="UTF-8"?>
<marc:record xmlns:marc="http://www.loc.gov/MARC21/slim">
   <marc:leader>00000nam a2200000 a 4500</marc:leader>
   <marc:datafield ind1="1" ind2=" " tag="100">
      <marc:subfield code="a">Sendker, Jan-Philipp</marc:subfield>
      <marc:subfield code="4">aut</marc:subfield>
      <marc:subfield code="e">Verfasser/-in</marc:subfield>
   </marc:datafield>
   <marc:datafield ind1="0" ind2="0" tag="245">
      <marc:subfield code="a">Das Herzenhören</marc:subfield>
   </marc:datafield>
   <marc:datafield ind1=" " ind2="1" tag="264">
      <marc:subfield code="b">Random  House audio</marc:subfield>
      <marc:subfield code="c">2016</marc:subfield>
   </marc:datafield>
   <marc:datafield ind1="1" ind2=" " tag="490">
      <marc:subfield code="a">Burma-Serie</marc:subfield>
   </marc:datafield>
   <marc:datafield ind1="1" ind2=" " tag="520">
      <marc:subfield code="a">Eine der großen Liebesgeschichten unserer Zeit
Die Suche nach ihrem vermissten Vater führt Julia Win von New York nach Kalaw, einem malerischen, in den Bergen Birmas versteckten Dorf. Ein vierzig Jahre alter Liebesbrief ihres Vaters an eine unbekannte Frau hat sie an diesen Ort geführt. Hier findet sie nicht nur einen Bruder, von dem sie nichts wusste, sondern stößt auch auf ein Familiengeheimnis, das ihr Leben für immer verändert.</marc:subfield>
   </marc:datafield>
   <marc:datafield ind1=" " ind2=" " tag="020">
      <marc:subfield code="a">9783837135664</marc:subfield>
      <marc:subfield code="9">9783837135664</marc:subfield>
   </marc:datafield>
</marc:record>
